Ducktales Episodes- Season 1 - Statistics

General Stats
  • This quiz has been taken 9 times
  • The average score is 7 of 25
Answer Stats
Hint Answer % Correct
Episode 1 Woo-oo!
100%
Episode 3 Daytrip of Doom!
75%
Episode 5 The Great Dime Chase!
75%
Episode 14 Day of the Only Child!
50%
Episode 2 Escape to Atlantis!
50%
Episode 10 Terror of the Terra-firmians!
50%
Episode 23 The Last Crash of the Sunchaser!
50%
Episode 13 The Spear of Selene!
50%
Episode 15 Beware the B.U.D.D.Y System!
25%
Episode 19 Sky PIrates...in the Sky
25%
Episode 16 The Golden Lagoon of White Agony Plains!
25%
Episode 7 The House of the Lucky Gander!
25%
Episode 4 The Impossible Summit of Mount Neverest!
25%
Episode 8 The Infernal Internship of Mark Beaks!
25%
Episode 9 The Living Mummies of Toth-Ra!
25%
Episode 12 The Missing Links of Moorshire!
25%
Episode 20 The Secret(s) of Castle McDuck
25%
Episode 18 From the Confidential Files of Agent 22!
0%
Episode 17 Jaw$!
0%
Episode 11 Mystery of McDuck Manor!
0%
Episode 6 The Beagle Birthday Massacre!
0%
Episode 22 The Other Bin of Scrooge McDuck!
0%
Episode 24 The Shadow War Part 1!
0%
Episode 25 The Shadow War Part 2!
0%
Episode 21 Who is Gizmoduck!
0%
No matching quizzes found
Score Distribution
Percent of People with Each Score
Percentile by Number Answered
Your Score History
You have not taken this quiz